000 00833nam a22002657a 4500
005 20260410121759.0
007 ta
008 260410b |||||||| |2022| 0 spa d
020 _a9786075693279
040 _apelieoe
_bspa
_cpelieoe
_erda
043 _ape
050 _aHB 171
_bK17 2023
100 1 _aKaiser, Axel
_916762
_eautor
245 _aEl economista callejero :
_b15 lecciones de economía para sobrevivir a políticos y demagogos /
_cAxel Kaiser.
250 _aPrimera edición.
264 _a[Lima] :
_bAriel,
_c2022
300 _a141 páginas
336 _atexto
_btxt
337 _asin mediación
_bn
338 _2volumen
_ardacarrier
541 _3Libro
650 0 _aEconomía
_91242
_xEstudio y enseñanza
650 0 _aEconomía
_91242
_vAspectos sociopolíticos
942 _2lcc
_cBK
_e2023
_hHB
_k171
_mK17
999 _c10366
_d10366